| 000 | 00570nam a2200193Ia 4500 | ||
|---|---|---|---|
| 003 | LDD | ||
| 008 | 181029s9999 xx 000 0 und d | ||
| 020 |
_a195148142 _c995.00 |
||
| 040 | _cLDD | ||
| 100 | _aGoetzmann, William N. | ||
| 245 | 4 |
_aThe equity risk premium _bessays and explorations _cWilliam N. Goetzmann |
|
| 260 |
_aNew Delhi _bOxford _c2006 |
||
| 300 | _axii, 555p. | ||
| 365 | _b995.00 | ||
| 901 |
_a3683 _b15-01-2007 |
||
| 902 |
_aUBS7388 _b15-03-2007 _cF _dUPPAL _e33 |
||
| 903 |
_aDiscount-10 _bReqst by : Sangoto Sen |
||
| 942 |
_2ddc _cBK |
||
| 999 |
_c78589 _d78589 |
||